00000000nam 2200000za 4500
0019.846372
003CaOODSP
00520221107153204
007cr |||||||||||
008171031s1934    onc    |o||||f|0| 0|fre d
040 |aCaOODSP|bfre
041 |afre|aeng
043 |an-cn---
0861 |aCS63-D-87/1934-PDF
24500|aRetail services in Canada, 1930 |h[ressource électronique].
24615|aServices de détail au Canada, 1930
260 |aOttawa : |bBureau fédéral de la statistique, |c1934.
300 |a26 p.
500 |aÉdition numérisée de l'imprimé [par Statistique Canada].
500 |aTitre de la couv.
546 |aTexte en français et en anglais avec p. de titre addit.
69207|2gccst|aCommerce de détail
7101 |aCanada. |bBureau fédéral de la statistique.
791 |tRetail services in Canada, 1930 |eeng|w(CaOODSP)9.846286
85640|qPDF|s4.73 Mo|uhttps://publications.gc.ca/collections/collection_2017/statcan/CS63-D-87-1934.pdf
986 |a63-D-87